000 00388nam a2200145 4500
001 121472
003 ES-MaACL
007 t|
008 070214s1973 sp r ||||1| spa d
110 2 _aCentral Nuclear de Almaraz.
_92536
245 1 0 _aPlan de medicina y seguridad.
260 _a[S. l.] :
_bEPTISA [etc.],
_c1973.
300 _a61 f. ;
_c30 cm.
852 _aES-MaACL
_jE-9672
_bR.88426
999 _c121472
_d121472